Database Management Systems (Record no. 3158)

MARC details
000 -LEADER
fixed length control field 00328nam a2200145Ia 4500
008 - FIXED-LENGTH DATA ELEMENTS--GENERAL INFORMATION
fixed length control field 191201s2005 xx 000 0 und d
082 ## - DEWEY DECIMAL CLASSIFICATION NUMBER
Classification number 005.74
Item number POD
100 ## - MAIN ENTRY--PERSONAL NAME
Personal name POST, Garald V
245 #0 - TITLE STATEMENT
Title Database Management Systems
250 ## - EDITION STATEMENT
Edition statement 3rd
260 ## - PUBLICATION, DISTRIBUTION, ETC. (IMPRINT)
Place of publication, distribution, etc N.Delhi
Name of publisher, distributor, etc TMH
Date of publication, distribution, etc 2005
300 ## - PHYSICAL DESCRIPTION
Extent 424
650 ## - SUBJECT ADDED ENTRY--TOPICAL TERM
Topical term or geographic name as entry element MBA
942 ## - ADDED ENTRY ELEMENTS (KOHA)
Source of classification or shelving scheme Dewey Decimal Classification
Koha item type Text Books
Holdings
Withdrawn status Lost status Source of classification or shelving scheme Damaged status Not for loan Collection code Home library Current library Date acquired Source of acquisition Cost, normal purchase price Bill Number Total Checkouts Full call number Acc. no. / Barcode Date last seen Bill Date Koha item type Date last borrowed
    Dewey Decimal Classification     MBA PIET C-LIBRARY PIET C-LIBRARY 24/08/2006 J B C, New Delhi 350.00 724   005.74 POD 7490 04/12/2019 30/07/2007 Text Books  
    Dewey Decimal Classification     MBA PIET C-LIBRARY PIET C-LIBRARY 24/08/2006 J B C, New Delhi 350.00 724   005.74 POD 7491 04/12/2019 30/07/2007 Text Books  
    Dewey Decimal Classification     MBA PIET C-LIBRARY PIET C-LIBRARY 24/08/2006 J B C, New Delhi 350.00 724 1 005.74 POD 7492 11/12/2021 30/07/2007 Text Books 03/09/2021
    Dewey Decimal Classification     MBA PIET C-LIBRARY PIET C-LIBRARY 24/08/2006 J B C, New Delhi 350.00 724   005.74 POD 7493 04/12/2019 30/07/2007 Text Books  
    Dewey Decimal Classification     MBA PIET C-LIBRARY PIET C-LIBRARY 24/08/2006 J B C, New Delhi 350.00 724   005.74 POD 7494 04/12/2019 30/07/2007 Text Books  

Design & Developed by: PIET Central Library
R70 Miles Stone Pattikalyana Samalkha Panipat 132102
mail ID :- [email protected], Phone No:- 0180-2569700 Ex.216